MARC

LEADER 00000nam0a2200000 4500
001 328225
005 20231102004035.0
035 |a (RuTPU)RU\TPU\book\353925 
090 |a 328225 
100 |a 20170214d1964 km y0rusy50 ca 
101 0 |a rus 
102 |a RU 
105 |a a z 001zy 
200 1 |a Электромоделирование температурных полей в деталях судовых энергетических установок  |f Л. А. Коздоба 
210 |a Ленинград  |c Судостроение  |d 1964 
215 |a 171 с.  |c ил. 
320 |a Библиогр.: с. 168-169 
606 1 |a Силовые установки судовые  |2 stltpush  |3 (RuTPU)RU\TPU\subj\54805  |9 72886 
610 1 |a температурные поля 
610 1 |a судовые энергетические установки 
610 1 |a детали 
610 1 |a R-сетки 
610 1 |a теплопроводность 
610 1 |a электромоделирование 
610 1 |a теплообмен 
610 1 |a турбомашины 
610 1 |a роторы 
610 1 |a режимы 
610 1 |a поршни 
610 1 |a втулки 
610 1 |a двигатели внутреннего сгорания 
610 1 |a сварка 
610 1 |a наплавка 
675 |a 629.12-8  |v 4 
700 1 |a Коздоба  |b Л. А.  |g Леонид Алексеевич 
801 1 |a RU  |b 63413507  |c 20170214 
801 2 |a RU  |b 63413507  |c 20170216  |g RCR 
942 |c BK